Salud, equidad y transformación productiva en América Latina y el Caribe /

Guardat en:
Dades bibliogràfiques
Autor corporatiu: CEPAL, UN OPS Oficina sanitaria panamericana Oficina regional de la Organización mundial de la salud
Format: Text
Publicat: Cartagena de Indias: CEPAL
Etiquetes: Afegir etiqueta
Sense etiquetes, Sigues el primer a etiquetar aquest registre!

MARC

LEADER 00000 a a2200000 04500
001 23596
003
040
090 |a 168600  
110 |a CEPAL  
245 |a Salud, equidad y transformación productiva en América Latina y el Caribe /  |c CEPAL  
260 |a Cartagena de Indias:   |b CEPAL  
300 |a 102 p  
710 |a UN   |a OPS   |a Oficina sanitaria panamericana   |a Oficina regional de la Organización mundial de la salud  
999 |c 14248  |d 14248